El Internacionalismo es la concepción del mundo y la política de la clase obrera /
Na minha lista:
| Autor principal: | |
|---|---|
| Formato: | Texto |
| Tags: |
Adicionar Tag
Sem tags, seja o primeiro a adicionar uma tag!
|
MARC
| LEADER | 00000 a a2200000 04500 | ||
|---|---|---|---|
| 001 | 3163 | ||
| 003 | |||
| 040 | |||
| 100 | |a Petrov, Vladimir | ||
| 245 | |a El Internacionalismo es la concepción del mundo y la política de la clase obrera / |c Vladimir Petrov | ||
| 773 | |g número 2; páginas 13-37 | ||
| 999 | |c 37026 |d 37026 | ||
